Devinez la Capitale Mystère #165 - Statistiques

Statistiques générales
  • Ce quiz a été pris 71 fois
  • Le résultat moyen est 31 sur 35
Statistiques - réponses
Type de Réponse Réponse % Correct
Lettre Bien Placée A
100%
Lettre Trouvée A
100%
Lettre de l'Alphabet B
100%
Lettre Trouvée E
100%
Lettre de l'Alphabet I
100%
Lettre de l'Alphabet L
100%
Lettre de l'Alphabet N
100%
Lettre Trouvée O
100%
Lettre Trouvée R
100%
Lettre Trouvée S
100%
Lettre de l'Alphabet D
98%
Lettre de l'Alphabet P
98%
Lettre Bien Placée R
98%
Lettre de l'Alphabet T
98%
Lettre de l'Alphabet G
95%
Lettre de l'Alphabet U
95%
Lettre Bien Placée A
93%
Lettre de l'Alphabet M
93%
Lettre de l'Alphabet W
93%
Lettre de l'Alphabet C
91%
Lettre de l'Alphabet H
87%
Lettre de l'Alphabet K
87%
Lettre Bien Placée E
85%
Lettre de l'Alphabet X
82%
Lettre Trouvée J
80%
Lettre Trouvée V
80%
Lettre de l'Alphabet Y
76%
Lettre de l'Alphabet Z
76%
Lettre de l'Alphabet F
75%
Lettre Bien Placée O
75%
Lettre de l'Alphabet Q
75%
Lettre Bien Placée S
75%
Lettre Bien Placée J
73%
Capitale Mystère Sarajevo
73%
Lettre Bien Placée V
73%
Aucun quiz correspondant
Distribution des résultats
% des personnes avec chaque résultat
Percentile par nombre de réponses
Votre historique - résultats
Vous n’avez pas pris ce quiz